Services marketing management

Αποθηκεύτηκε σε:
Λεπτομέρειες βιβλιογραφικής εγγραφής
Κύριος συγγραφέας: Mudie, Peter
Άλλοι συγγραφείς: Pirrie, Angela
Μορφή: Βιβλίο
Γλώσσα:English
Δημοσίευση: Amsterdam : Elsevier/Butterworth-Heinemann, c2006
Έκδοση:3rd ed.
Θέματα:
Ετικέτες: Προσθήκη ετικέτας
Δεν υπάρχουν, Καταχωρήστε ετικέτα πρώτοι!

MARC

LEADER 00000nam a2200000 i 4500
001 1/57117
008 071008s2006 eng d
020 |a 978-0-7506-6674-9 
020 |a 0-7506-6674-9 
035 |l 10091263 
040 |a GR-MY-UA  |b gre  |e aacr 
041 0 |a eng 
082 0 |a 658.8  |2 (22) 
100 1 |a Mudie, Peter. 
245 1 0 |a Services marketing management /  |c Peter Mudie and Angela Pirrie 
250 |a 3rd ed. 
260 |a Amsterdam :   |b Elsevier/Butterworth-Heinemann,   |c c2006 
300 |a xii, 267 σ.;  |c 25 εκ. 
504 |a Περιλαμβάνει βιβλιογραφίες και ευρετήριο 
650 0 0 |a Service industries  |x Management. 
650 0 0 |a Service industries  |x Marketing. 
650 0 0 |a Marketing. 
700 1 |a Pirrie, Angela. 
852 |a INST  |b CHIOS  |e 20071008  |h 658.8 MUD  |p 005200025523  |q 005200025523  |t BK  |y 0 
901 |a BIBL2-2007-3 
909 |a Χ  |b 139434 
922 |a 2ΕΛΗ  |b 200709  |c ΕΠΕΑΕΚ2/ΤΔΕ  |d ΠΑΠΑΣΩΤΗΡΙΟΥ 
970 |a ΒΑΡΦΗΣ  |b ΒΑΓΓΕΛΗΣ  |z 2007/10/08